01518nam a2200313 i 4500001001000000003000900010005001700019007000300036008004100039020001800080040003000098041000700128082002500135245002000160264007100180300004500251336002700296337003300323338002800356505030500384590002500689910000700714942001400721952010500735952010500840952010500945952013701050999001701187000046816DO-SdBNP20250808112000.0ta180402s2016 dr a 000 spa d a9789945588842 aDO-SdBNPbspacBNPHUerda asp axxxbC7194, 2015222 0aColoquios 2015. aSanto Domingo :bDirección General de la Feria del Libro,c2016. a223 páginas :bilustraciones ;c24 cm. ardacontentbtexto2txt ardamediabsin mediación2n ardacarrierbvolumen2nc aEspejos Culturales del Perú en República Dominicana 13 -- Cenit y Poesía. Centenario de Francisco Matos Paoli 49 -- 50 Años de La Revolución de Abril 107 -- Prosas Peruanas 133 -- César Vallejo: Experimentación y Ruptura 171 -- Influencia de Vargas Llosa en La Literatura Dominicana 199 aInventariado,2018/DG aDG 2ddccLBS1 0010718PDaGRbGRcHDd2018-04-02iLF1l0o p46816-30r2020-06-25w2020-06-25yLFPDZNo se presta 0010718PDaPDbPDcHDd2018-04-02iLF1l0o p46816-10r2020-06-25w2020-06-25yLFPDZNo se presta 0010718PDaPDbPDcHDd2018-04-02iLF1l0o p46816-20r2020-06-25w2020-06-25yLFPDZNo se presta 00102ddc56708DSaBNPHUbBNPHUcCTd2025-08-08edonaciónl0oBNPHU DS C7194, 2015p2025-7997r2025-08-08te.4w2025-08-08yLBS1 c46305d46305